<?xml version="1.0" encoding="UTF-8"?>
<record
    xmlns:xsi="http://www.w3.org/2001/XMLSchema-instance"
    xsi:schemaLocation="http://www.loc.gov/MARC21/slim http://www.loc.gov/standards/marcxml/schema/MARC21slim.xsd"
    xmlns="http://www.loc.gov/MARC21/slim">

  <leader>00573nam a22001577a 4500</leader>
  <controlfield tag="008">230706b        |||||||| |||| 00| 0 eng d</controlfield>
  <datafield tag="040" ind1=" " ind2=" ">
    <subfield code="a">National Science Library</subfield>
    <subfield code="c">National Science Library</subfield>
  </datafield>
  <datafield tag="080" ind1=" " ind2=" ">
    <subfield code="a">929SSB </subfield>
    <subfield code="b">N3</subfield>
  </datafield>
  <datafield tag="100" ind1=" " ind2=" ">
    <subfield code="a">Tiwari, Surya Prakash </subfield>
  </datafield>
  <datafield tag="245" ind1=" " ind2=" ">
    <subfield code="a">&#x936;&#x93E;&#x902;&#x924;&#x93F; &#x938;&#x94D;&#x935;&#x930;&#x942;&#x92A; &#x92D;&#x91F;&#x928;&#x93E;&#x917;&#x930;: </subfield>
    <subfield code="b">&#x92D;&#x93E;&#x930;&#x924; &#x915;&#x947; &#x92E;&#x939;&#x93E;&#x928; &#x935;&#x948;&#x91C;&#x94D;&#x91E;&#x93E;&#x928;&#x93F;&#x915;</subfield>
  </datafield>
  <datafield tag="246" ind1=" " ind2=" ">
    <subfield code="a">Shanti Swaroop Bhatnagar: </subfield>
    <subfield code="b">Bharat ke mahan vaigyanik</subfield>
  </datafield>
  <datafield tag="260" ind1=" " ind2=" ">
    <subfield code="a">Delhi: </subfield>
    <subfield code="b">Shiksha Bharti, </subfield>
    <subfield code="c">1993</subfield>
  </datafield>
  <datafield tag="300" ind1=" " ind2=" ">
    <subfield code="a">72p.</subfield>
  </datafield>
  <datafield tag="650" ind1=" " ind2=" ">
    <subfield code="a">Hindi literature</subfield>
  </datafield>
  <datafield tag="942" ind1=" " ind2=" ">
    <subfield code="2">udc</subfield>
    <subfield code="c">HBK</subfield>
  </datafield>
  <datafield tag="999" ind1=" " ind2=" ">
    <subfield code="c">50315</subfield>
    <subfield code="d">50315</subfield>
  </datafield>
  <datafield tag="952" ind1=" " ind2=" ">
    <subfield code="0">0</subfield>
    <subfield code="1">0</subfield>
    <subfield code="2">udc</subfield>
    <subfield code="4">0</subfield>
    <subfield code="6">929SSB_N3</subfield>
    <subfield code="7">0</subfield>
    <subfield code="9">78813</subfield>
    <subfield code="a">NSL</subfield>
    <subfield code="b">NSL</subfield>
    <subfield code="c">GF/Rk-2/C-7/R-3</subfield>
    <subfield code="d">2003-05-21</subfield>
    <subfield code="l">0</subfield>
    <subfield code="o">929SSB N3</subfield>
    <subfield code="p">181028</subfield>
    <subfield code="r">2023-07-06 00:00:00</subfield>
    <subfield code="w">2003-05-21</subfield>
    <subfield code="y">HBK</subfield>
  </datafield>
</record>
